000 00731nam a2200241Ia 4500
003 GCL
008 140319s9999 xx 000 0 ara d
040 _aGCL /
_cGCL
082 0 4 _a301.01
_bا ن
100 1 _aالسيد على شتا
245 1 0 _aنظرية علم الاجتماع /
_cالسيد على شتا
260 _a[S.N] :
_bمؤسسة شباب الجامعة ،
_c1993
300 _a463 ص
490 _a
650 0 4 _aالمجتمع
650 0 4 _aالاحوال الاجتماعية
650 0 4 _aالتنمية الاجتماعية
650 0 4 _aنظريات
650 0 4 _aالاجتماع
650 0 4 _aالتغير الاجتماعى
650 0 4 _aالنظم الاجتماعية
942 _2ddc
_cBK
999 _c31251
_d31251